00403nam a22001217a 4500003000400000082001800004100002100022245012900043260004500172300000800217650002800225653002800253SGT a617.601bO23T aTaneja, Pratibha aOral Health status and covariates of quitting smoking and their relationship with stress among indian adults and adolescents aGurugram, HaryanabSGT University c2023 a157 aPublic Health Dentistry aPublic Health Dentistry